Автоматизированное извлечение данных программных проектов для их оценки; Молодежь и современные информационные технологии

Dades bibliogràfiques
Parent link:Молодежь и современные информационные технологии.— 2025.— С. 655-660
Autor principal: Телеличко Н. Н.
Altres autors: Савельев А. О. Алексей Олегович (научный руководитель)
Sumari:Представлен конвейер автоматизированного сбора данных программных проектов для выявления особенностей мышления разработчиков. Сбор осуществлялся через GitHub API, загрузка – в БД Django. В конвейере преодолены ограничения на загрузку и вывод через GitHub API, а также реализовано сохранение большого объема информации с сохранением связи файлов с их репозиториями
Текстовый файл
Idioma:rus
Publicat: 2025
Matèries:
Accés en línia:http://earchive.tpu.ru/handle/11683/132284
Format: MixedMaterials Electrònic Capítol de llibre
KOHA link:https://koha.lib.tpu.ru/cgi-bin/koha/opac-detail.pl?biblionumber=681257

MARC

LEADER 00000naa2a2200000 4500
001 681257
005 20250916115104.0
090 |a 681257 
100 |a 20250820d2025 k||y0rusy50 ca 
101 0 |a rus 
102 |a RU 
135 |a drbn ---uucaa 
200 1 |a Автоматизированное извлечение данных программных проектов для их оценки  |f Телеличко Н. Н.  |g науч. рук. Савельев А. О. 
320 |a Список использованных источников: 18 назв 
330 |a Представлен конвейер автоматизированного сбора данных программных проектов для выявления особенностей мышления разработчиков. Сбор осуществлялся через GitHub API, загрузка – в БД Django. В конвейере преодолены ограничения на загрузку и вывод через GitHub API, а также реализовано сохранение большого объема информации с сохранением связи файлов с их репозиториями 
336 |a Текстовый файл 
463 1 |0 681090  |9 681090  |t Молодежь и современные информационные технологии  |o сборник трудов XXII Международной научно-практической конференции студентов, аспирантов и молодых ученых, 15–17 апреля 2025 г., Томск  |f под ред. А. С. Беляева  |c Томск  |d 2025  |n Изд-во ТПУ  |u conference_tpu-2025-C04.pdf  |v С. 655-660 
545 1 |a Анализ данных и машинное обучение 
610 1 |a электронный ресурс 
610 1 |a труды учёных ТПУ 
610 1 |a GitHub API 
610 1 |a мышление разработчиков 
610 1 |a конвейер автоматизированного сбора данных 
610 1 |a программные проекты 
700 1 |a Телеличко  |b Н. Н. 
702 1 |a Савельев  |b А. О.  |c специалист в области информатики и вычислительной техники  |c доцент Томского политехнического университета, кандидат технических наук  |f 1987-  |g Алексей Олегович  |4 727 
801 0 |a RU  |b 63413507  |c 20250820 
850 |a 63413507 
856 4 |u http://earchive.tpu.ru/handle/11683/132284  |z http://earchive.tpu.ru/handle/11683/132284 
942 |c CF